Justičná revue časopis pre právnu prax
| Previous Title: | Socialistické súdnictvo |
|---|---|
| Other Authors: | |
| Format: | Journal |
| Language: | Slovak Czech |
| PhysicalDescription: | zv. diagr. 24 cm |
| Published: |
Bratislava
Právnický ústav Ministerstva spravodlivosti Slovenskej republiky
1990-
Bratislava Právnický inštitút Ministerstva spravodlivosti Slovenskej republiky Bratislava Ministerstvo spravodlivosti Slovenskej republiky |
| ISSN: | 1335-6461 0231-7621 |
| Subjects: |
MARC
| LEADER | 00000cas a2200000 a 4500 | ||
|---|---|---|---|
| 001 | vtls001468422 | ||
| 003 | SK-MaSNL | ||
| 005 | 20260417141447.0 | ||
| 008 | 040213c19909999xo mr p g 0 0b0slo | ||
| 022 | |a 1335-6461 | ||
| 035 | |a SNK000423727 | ||
| 035 | |a (SVKBB03)vtls000039123 | ||
| 040 | |a SNK |b slo |c SNK |d SAVUK |e AACR2 | ||
| 041 | 0 | |a slo |a cze | |
| 044 | |a xo |c SK | ||
| 072 | 7 | |a 347.9 |x Občianske súdne konanie. Súdnictvo |2 konspekt | |
| 072 | 7 | |a 34 |x Právo |2 konspekt | |
| 080 | |a 050 |2 2011 | ||
| 080 | |a 347.99 |2 2011 | ||
| 080 | |a 34 |2 2011 | ||
| 080 | |a 340.13 |2 2011 | ||
| 080 | |a 347.921.8 |2 2011 | ||
| 080 | |a (051)-027.561 |2 2011 | ||
| 210 | 0 | |a Justičná rev. | |
| 222 | 0 | |a Justičná revue | |
| 245 | 0 | 0 | |a Justičná revue |b časopis pre právnu prax |
| 260 | |a Bratislava |b Právnický ústav Ministerstva spravodlivosti Slovenskej republiky |c 1990- | ||
| 260 | 2 | |3 1993-1994 |a Bratislava |b Právnický inštitút Ministerstva spravodlivosti Slovenskej republiky | |
| 260 | 3 | |3 1995- |a Bratislava |b Ministerstvo spravodlivosti Slovenskej republiky | |
| 300 | |a zv. |b diagr. |c 24 cm | ||
| 310 | |a 1x mesačne | ||
| 362 | 0 | |a Roč. 42, č. 5 (1990)- |z SKP/2013 | |
| 500 | |a Reg. číslo: MK SR 98/90 ; EV 258/08 | ||
| 500 | |a Šéfredaktor: 19??- , Ján Svák | ||
| 500 | |a Popis podľa: Roč. 56, č. 1 (2004) | ||
| 500 | |a Od r. 2003 vychádza s pravidelnou mesačnou prílohou, od roč. 60, č. 6/7 (2008) vychádza mesačná príloha na CD-ROMe | ||
| 500 | |a Zmena podnázvu: od r. 2015, časopis pre právnu teóriu a prax | ||
| 500 | |a Online verzia - ISSN 2730-0471 | ||
| 504 | |a Biblior. odkazy ; bibliogr. | ||
| 515 | |a Niektoré čísla vychádzajú ako dvojčísla | ||
| 546 | |a Čiast. text aj v čes. | ||
| 650 | 0 | 7 | |a súdnictvo |2 SNKPH |9 2632 |
| 650 | 0 | 7 | |a právo |2 SNKPH |9 976 |
| 650 | 0 | 7 | |a právna prax |2 SNKPH |9 2686 |
| 655 | 7 | |a odborné časopisy |2 SNKPH |9 70505 | |
| 700 | 1 | |a Svák, Ján |4 pbd |9 267778 | |
| 780 | 0 | 0 | |t Socialistické súdnictvo |x 0231-7621 |w vtls009934819 |
| 910 | |a snk | ||
| 910 | |a savuk | ||
| 916 | |a 1990-2012, 2013-2017, 2018, 2019, 2020, 2021-2023 | ||
| 999 | |c 4078 |d 6008 | ||
| 952 | |t č. 1-3 |a SNK |b SNK |y PREZ |7 0 |p 17A1433353 |o snkČSB 581/70/2018/1 D1 |i snk2020/22108 |8 0 |0 0 |1 0 |4 0 |d 2020-12-08 |l 0 |r 2026-02-21 19:24:29 |w 2026-02-21 | ||
| 952 | |t č. 4-7 |a SNK |b SNK |y PREZ |7 0 |p 17A1433354 |o snkČSB 581/70/2018/2 D1 |i snk2020/22112 |8 0 |0 0 |1 0 |4 0 |d 2020-12-08 |l 0 |r 2026-02-21 19:24:30 |w 2026-02-21 | ||
| 952 | |t č. 8-12 |a SNK |b SNK |y PREZ |7 0 |p 17A1433355 |o snkČSB 581/70/2018/3 D1 |i snk2020/22114 |8 0 |0 0 |1 0 |4 0 |d 2020-12-08 |l 0 |r 2026-02-21 19:24:30 |w 2026-02-21 | ||
| 952 | |t č. 1-3 |a SNK |b SNK |y PREZ |7 0 |p 17A1435023 |o snkČSB 581/72/2020/1 |i snk2021/7990 |8 0 |f 1 |0 0 |1 0 |4 0 |d 2021-07-01 |l 0 |r 2026-02-21 19:29:36 |w 2026-02-21 | ||
| 952 | |t č. 4-7 |a SNK |b SNK |y PREZ |7 0 |p 17A1435024 |o snkČSB 581/72/2020/2 |i snk2021/7993 |8 0 |f 1 |0 0 |1 0 |4 0 |d 2021-07-01 |l 0 |r 2026-02-21 19:29:36 |w 2026-02-21 | ||
| 952 | |t č. 8-12 |a SNK |b SNK |y PREZ |7 0 |p 17A1435025 |o snkČSB 581/72/2020/3 |i snk2021/7994 |8 0 |f 1 |0 0 |1 0 |4 0 |d 2021-07-01 |l 0 |r 2026-02-21 19:29:36 |w 2026-02-21 | ||
| 952 | |t č. 1-2 + prí. 1-2 |a SNK |b SNK |y PREZ |7 0 |p 17A0635229 |o snkČSB 581/57/2005/1 |i snk2010/1725 |8 0 |f 1 |0 0 |1 0 |4 0 |d 2010-01-28 |l 0 |r 2026-02-21 19:31:32 |w 2026-02-21 | ||
| 952 | |t č. 1-2 + príl. 1-2 |a SNK |b SNK |y PREZ |7 0 |p 17A1316733 |o snkČSB 581/57/2005/1 D1 |i snk2010/1726 |8 0 |0 0 |1 0 |4 0 |d 2010-01-28 |l 0 |r 2026-02-21 19:31:32 |w 2026-02-21 | ||
| 952 | |t č. 3-4 + príl. 3-4 |a SNK |b SNK |y PREZ |7 0 |p 17A0635230 |o snkČSB 581/57/2005/2 |i snk2010/1727 |8 0 |f 1 |0 0 |1 0 |4 0 |d 2010-01-28 |l 0 |r 2026-02-21 19:31:32 |w 2026-02-21 | ||
| 952 | |t č. 3-4+ príl. 3-4 |a SNK |b SNK |y PREZ |7 0 |p 17A0635236 |o snkČSB 581/57/2005/2 D1 |i snk2010/1728 |8 0 |0 0 |1 0 |4 0 |d 2010-01-28 |l 0 |r 2026-02-21 19:31:32 |w 2026-02-21 | ||
| 952 | |t č. 5-7 + príl. 5-7 |a SNK |b SNK |y PREZ |7 0 |p 17A0635232 |o snkČSB 581/57/2005/3 |i snk2010/1729 |8 0 |f 1 |0 0 |1 0 |4 0 |d 2010-01-28 |l 0 |r 2026-02-21 19:31:32 |w 2026-02-21 | ||
| 952 | |t č. 5-7 + príl. 5-7 |a SNK |b SNK |y PREZ |7 0 |p 17A0617323 |o snkČSB 581/57/2005/3 D1 |i snk2010/1730 |8 0 |0 0 |1 0 |4 0 |d 2010-01-28 |l 0 |r 2026-02-21 19:31:32 |w 2026-02-21 | ||
| 952 | |t č. 8-10 + príl. 8-10 |a SNK |b SNK |y PREZ |7 0 |p 17A0635233 |o snkČSB 581/57/2005/4 |i snk2010/1731 |8 0 |f 1 |0 0 |1 0 |4 0 |d 2010-01-28 |l 0 |r 2026-02-21 19:31:32 |w 2026-02-21 | ||
| 952 | |t č. 3-4 + príl. 3-4 |a SNK |b SNK |y PREZ |7 0 |p 17A0635245 |o snkČSB 581/58/2006/2 D1 |i snk2010/1738 |8 0 |0 0 |1 0 |4 0 |d 2010-01-28 |l 0 |r 2026-02-21 19:31:32 |w 2026-02-21 | ||
| 952 | |t č. 5-7 + príl. 5-7 |a SNK |b SNK |y PREZ |7 0 |p 17A0635241 |o snkČSB 581/58/2006/3 |i snk2010/1739 |8 0 |f 1 |0 0 |1 0 |4 0 |d 2010-01-28 |l 0 |r 2026-02-21 19:31:32 |w 2026-02-21 | ||
| 952 | |t č. 5-7 + príl. 5-7 |a SNK |b SNK |y PREZ |7 0 |p 17A0635246 |o snkČSB 581/58/2006/3 D1 |i snk2010/1740 |8 0 |0 0 |1 0 |4 0 |d 2010-01-28 |l 0 |r 2026-02-21 19:31:32 |w 2026-02-21 | ||
| 952 | |t č. 8-10 + príl. 8-10 |a SNK |b SNK |y PREZ |7 0 |p 17A0635242 |o snkČSB 581/58/2006/4 |i snk2010/1741 |8 0 |f 1 |0 0 |1 0 |4 0 |d 2010-01-28 |l 0 |r 2026-02-21 19:31:33 |w 2026-02-21 | ||
| 952 | |t č. 11-12 + príl. 11-12 |a SNK |b SNK |y PREZ |7 0 |p 17A0635243 |o snkČSB 581/58/2006/5 |i snk2010/1743 |8 0 |f 1 |0 0 |1 0 |4 0 |d 2010-01-28 |l 0 |r 2026-02-21 19:31:33 |w 2026-02-21 | ||
| 952 | |t č. 11-12 + príl. 11-12 |a SNK |b SNK |y PREZ |7 0 |p 17A0635248 |o snkČSB 581/58/2006/5 D1 |i snk2010/1744 |8 0 |0 0 |1 0 |4 0 |d 2010-01-28 |l 0 |r 2026-02-21 19:31:33 |w 2026-02-21 | ||
| 952 | |t č. 1-2 + príl. 1-2 |a SNK |b SNK |y PREZ |7 0 |p 17A0635249 |o snkČSB 581/59/2007/1 |i snk2010/1747 |8 0 |f 1 |0 0 |1 0 |4 0 |d 2010-01-29 |l 0 |r 2026-02-21 19:31:36 |w 2026-02-21 | ||
| 952 | |t č. 1-2 + príl. 1-2 |a SNK |b SNK |y PREZ |7 0 |p 17A0635254 |o snkČSB 581/59/2007/1 D1 |i snk2010/1750 |8 0 |0 0 |1 0 |4 0 |d 2010-01-29 |l 0 |r 2026-02-21 19:31:36 |w 2026-02-21 | ||
| 952 | |t č. 3-4 + príl. 3-4 |a SNK |b SNK |y PREZ |7 0 |p 17A0635250 |o snkČSB 581/59/2007/2 |i snk2010/1753 |8 0 |f 1 |0 0 |1 0 |4 0 |d 2010-01-29 |l 0 |r 2026-02-21 19:31:36 |w 2026-02-21 | ||
| 952 | |t č. 3-4 + príl. 3-4 |a SNK |b SNK |y PREZ |7 0 |p 17A0635255 |o snkČSB 581/59/2007/2 D1 |i snk2010/1755 |8 0 |0 0 |1 0 |4 0 |d 2010-01-29 |l 0 |r 2026-02-21 19:31:36 |w 2026-02-21 | ||
| 952 | |t č. 5-7 + príl. 5-7 |a SNK |b SNK |y PREZ |7 0 |p 17A0635251 |o snkČSB 581/59/2007/3 |i snk2010/1759 |8 0 |f 1 |0 0 |1 0 |4 0 |d 2010-01-29 |l 0 |r 2026-02-21 19:31:37 |w 2026-02-21 | ||
| 952 | |t č. 8-10 + príl. 8-10 |a SNK |b SNK |y PREZ |7 0 |p 17A0635252 |o snkČSB 581/59/2007/4 |i snk2010/1765 |8 0 |f 1 |0 0 |1 0 |4 0 |d 2010-01-29 |l 0 |r 2026-02-21 19:31:37 |w 2026-02-21 | ||
| 952 | |t č. 8-10 + príl. 8-10 |a SNK |b SNK |y PREZ |7 0 |p 17A0635257 |o snkČSB 581/59/2007/4 D1 |i snk2010/1767 |8 0 |0 0 |1 0 |4 0 |d 2010-01-29 |l 0 |r 2026-02-21 19:31:37 |w 2026-02-21 | ||
| 952 | |t č. 11-12 + príl. 11-12 |a SNK |b SNK |y PREZ |7 0 |p 17A0635253 |o snkČSB 581/59/2007/5 |i snk2010/1769 |8 0 |f 1 |0 0 |1 0 |4 0 |d 2010-01-29 |l 0 |r 2026-02-21 19:31:37 |w 2026-02-21 | ||
| 952 | |t č. 11-12 + príl. 11-12 |a SNK |b SNK |y PREZ |7 0 |p 17A0635258 |o snkČSB 581/59/2007/5 D1 |i snk2010/1771 |8 0 |0 0 |1 0 |4 0 |d 2010-01-29 |l 0 |r 2026-02-21 19:31:37 |w 2026-02-21 | ||
| 952 | |t č. 1-3 |a SNK |b SNK |y PREZ |7 0 |p 17A1433521 |o snkČSB 581/71/2019/1 |i snk2021/27 |8 0 |f 1 |0 0 |1 0 |4 0 |d 2021-01-07 |l 0 |r 2026-02-21 19:35:56 |w 2026-02-21 | ||
| 952 | |t č. 4-7 |a SNK |b SNK |y PREZ |7 0 |p 17A1433522 |o snkČSB 581/71/2019/2 |i snk2021/28 |8 0 |f 1 |0 0 |1 0 |4 0 |d 2021-01-07 |l 0 |r 2026-02-21 19:35:56 |w 2026-02-21 | ||
| 952 | |t č. 8-12 |a SNK |b SNK |y PREZ |7 0 |p 17A1433523 |o snkČSB 581/71/2019/3 |i snk2021/29 |8 0 |f 1 |0 0 |1 0 |4 0 |d 2021-01-07 |l 0 |r 2026-02-21 19:35:56 |w 2026-02-21 | ||
| 952 | |t č. 1-6 |a SNK |b SNK |y PREZ |7 0 |p 17A0073733 |o snkČSB 581/42/1990/2 |i snkČSP 4671/91 |f 1 |0 0 |1 0 |4 0 |d 1997-06-12 |l 0 |r 2005-01-02 00:00:00 |w 2026-02-21 | ||
| 952 | |t č. 1-6 |a SNK |b SNK |y PREZ |7 0 |p 17A0436577 |o snkČSB 581/42/1990/2 D1 |i snkČSP 4672/91 |0 0 |1 0 |4 0 |d 2004-08-02 |l 0 |r 2005-01-02 00:00:00 |w 2026-02-21 | ||
| 952 | |t č. 1-3 |a SNK |b SNK |y PREZ |7 0 |p 17A1522784 |o snkČSB 581/74/2022/1 |i snk2024/3972 |8 0 |0 0 |1 0 |4 0 |d 2024-03-08 |l 0 |r 2026-02-21 19:41:40 |w 2026-02-21 | ||
| 952 | |t č. 4-7 |a SNK |b SNK |y PREZ |7 0 |p 17A1522785 |o snkČSB 581/74/2022/2 |i snk2024/3973 |8 0 |0 0 |1 0 |4 0 |d 2024-03-08 |l 0 |r 2026-02-21 19:41:40 |w 2026-02-21 | ||
| 952 | |t č. 8-12 |a SNK |b SNK |y PREZ |7 0 |p 17A1522786 |o snkČSB 581/74/2022/3 |i snk2024/3976 |8 0 |0 0 |1 0 |4 0 |d 2024-03-08 |l 0 |r 2026-02-21 19:41:40 |w 2026-02-21 | ||
| 952 | |t č. 1-3 |a SNK |b SNK |y PREZ |7 0 |p 17A1522787 |o snkČSB 581/75/2023/1 |i snk2024/3977 |8 0 |0 0 |1 0 |4 0 |d 2024-03-08 |l 0 |r 2026-02-21 19:41:40 |w 2026-02-21 | ||
| 952 | |t č. 4-7 |a SNK |b SNK |y PREZ |7 0 |p 17A1522788 |o snkČSB 581/75/2023/2 |i snk2024/3978 |8 0 |0 0 |1 0 |4 0 |d 2024-03-08 |l 0 |r 2026-02-21 19:41:40 |w 2026-02-21 | ||
| 952 | |t č. 1-3 |a SNK |b SNK |y PREZ |7 0 |p 17A1522781 |o snkČSB 581/73/2021/1 D1 |i snk2024/3969 |8 0 |0 0 |1 0 |4 0 |d 2024-03-08 |l 1 |r 2026-04-10 11:01:42 |s 2026-04-08 |w 2026-02-21 | ||
| 952 | |t č. 4-7 |a SNK |b SNK |y PREZ |7 0 |p 17A1522782 |o snkČSB 581/73/2021/2 D1 |i snk2024/3970 |8 0 |0 0 |1 0 |4 0 |d 2024-03-08 |l 0 |r 2026-02-21 19:41:41 |w 2026-02-21 | ||
| 952 | |t č. 8-12 |a SNK |b SNK |y PREZ |7 0 |p 17A1522783 |o snkČSB 581/73/2021/3 D1 |i snk2024/3971 |8 0 |0 0 |1 0 |4 0 |d 2024-03-08 |l 0 |r 2026-02-21 19:41:41 |w 2026-02-21 | ||
| 952 | |t č. 8-12 |a SNK |b SNK |y PREZ |7 0 |p 17A1522789 |o snkČSB 581/75/2023/3 |i snk2024/3979 |8 0 |0 0 |1 0 |4 0 |d 2024-03-08 |l 0 |r 2026-02-21 19:41:41 |w 2026-02-21 | ||
| 952 | |t č. 1-3 |a SNK |b SNK |y PREZ |7 0 |p 17A1557056 |o snkČSB 581/76/2024/1 |i snk2025/9854 |8 0 |f 1 |0 0 |1 0 |4 0 |d 2025-06-20 |l 0 |r 2026-02-21 19:49:47 |w 2026-02-21 | ||
| 952 | |t č. 4-7 |a SNK |b SNK |y PREZ |7 0 |p 17A1557057 |o snkČSB 581/76/2024/2 |i snk2025/9855 |8 0 |f 1 |0 0 |1 0 |4 0 |d 2025-06-20 |l 0 |r 2026-02-21 19:49:47 |w 2026-02-21 | ||
| 952 | |t č. 8-12 |a SNK |b SNK |y PREZ |7 0 |p 17A1557058 |o snkČSB 581/76/2024/3 |i snk2025/9856 |8 0 |f 1 |0 0 |1 0 |4 0 |d 2025-06-20 |l 0 |r 2026-02-21 19:49:47 |w 2026-02-21 | ||
| 952 | |t č. 1-6 |a SNK |b SNK |y PREZ |7 0 |p 17A0483751 |o snkČSB 581/50/1998/1 |i snkČSP 1171/2001 |f 1 |0 0 |1 0 |4 0 |d 2005-09-08 |l 0 |r 2026-02-21 20:07:03 |w 2026-02-21 | ||
| 952 | |t č. 6-12 |a SNK |b SNK |y PREZ |7 0 |p 17A0413784 |o snkČSB 581/52/2000/2 |i snkČSP 2689/2003 |f 1 |0 0 |1 0 |4 0 |d 2004-02-13 |l 0 |r 2005-01-01 00:00:00 |w 2026-02-21 | ||
| 952 | |t č. 1-3 |a SNK |b SNK |y PREZ |7 0 |p 17A1465075 |o snkČSB 581/71/2019/1 D1 |i snk2022/19093 |8 0 |0 0 |1 0 |4 0 |d 2022-12-19 |l 0 |r 2026-02-21 20:11:39 |w 2026-02-21 | ||
| 952 | |t č. 4-7 |a SNK |b SNK |y PREZ |7 0 |p 17A1465076 |o snkČSB 581/71/2019/2 D1 |i snk2022/19094 |8 0 |0 0 |1 0 |4 0 |d 2022-12-19 |l 0 |r 2026-02-21 20:11:40 |w 2026-02-21 | ||
| 952 | |t č. 8-12 |a SNK |b SNK |y PREZ |7 0 |p 17A1465077 |o snkČSB 581/71/2019/3 D1 |i snk2022/19096 |8 0 |0 0 |1 0 |4 0 |d 2022-12-19 |l 0 |r 2026-02-21 20:11:40 |w 2026-02-21 | ||
| 952 | |t č. 1-3 |a SNK |b SNK |y PREZ |7 0 |p 17A1465078 |o snkČSB 581/72/2020/1 D1 |i snk2022/19098 |8 0 |0 0 |1 0 |4 0 |d 2022-12-19 |l 0 |r 2026-02-21 20:11:40 |w 2026-02-21 | ||
| 952 | |t č. 4-7 |a SNK |b SNK |y PREZ |7 0 |p 17A1465079 |o snkČSB 581/72/2020/2 D1 |i snk2022/19099 |8 0 |0 0 |1 0 |4 0 |d 2022-12-19 |l 0 |r 2026-02-21 20:11:40 |w 2026-02-21 | ||
| 952 | |t č. 8-12 |a SNK |b SNK |y PREZ |7 0 |p 17A1465080 |o snkČSB 581/72/2020/3 D1 |i snk2022/19100 |8 0 |0 0 |1 0 |4 0 |d 2022-12-19 |l 0 |r 2026-02-21 20:11:40 |w 2026-02-21 | ||
| 952 | |t č. 1-3 |a SNK |b SNK |y PREZ |7 0 |p 17A1465306 |o snkČSB 581/73/2021/1 |i snk2023/128 |8 0 |f 1 |0 0 |1 0 |4 0 |d 2023-01-10 |l 0 |r 2026-02-21 20:12:52 |w 2026-02-21 | ||
| 952 | |t č. 4-7 |a SNK |b SNK |y PREZ |7 0 |p 17A1465305 |o snkČSB 581/73/2021/2 |i snk2023/130 |8 0 |f 1 |0 0 |1 0 |4 0 |d 2023-01-10 |l 0 |r 2026-02-21 20:12:52 |w 2026-02-21 | ||
| 952 | |t č. 8-12 |a SNK |b SNK |y PREZ |7 0 |p 17A1465304 |o snkČSB 581/73/2021/3 |i snk2023/157 |8 0 |f 1 |0 0 |1 0 |4 0 |d 2023-01-10 |l 0 |r 2026-02-21 20:12:52 |w 2026-02-21 | ||
| 952 | |t č. 1-3 |a SNK |b SNK |c SNK_KF |y PREZ |7 4 |p 17A1558861 |o snkČSB 581/74/2022/1 D1 |i snk2026/2318 |8 0 |0 0 |1 0 |4 0 |d 2026-02-13 |l 0 |r 2026-02-21 20:12:53 |w 2026-02-21 | ||
| 952 | |t č. 4-7 |a SNK |b SNK |c SNK_KF |y PREZ |7 4 |p 17A1558862 |o snkČSB 581/74/2022/2 D1 |i snk2026/2319 |8 0 |0 0 |1 0 |4 0 |d 2026-02-13 |l 0 |r 2026-02-21 20:12:53 |w 2026-02-21 | ||
| 952 | |t č. 8-12, neúplné |a SNK |b SNK |c SNK_KF |y PREZ |7 4 |p 17A1558863 |o snkČSB 581/74/2022/3 D1 |i snk2026/2320 |8 0 |z Chýba č. 10-12 |0 0 |1 0 |4 0 |d 2026-02-13 |l 0 |r 2026-02-21 20:12:53 |w 2026-02-21 | ||
| 952 | |t č. 1-5 |a SNK |b SNK |y PREZ |7 0 |p 17A0524608 |o snkČSB 581/52/2000/1 |i snk2006/26474 |8 0 |f 1 |0 0 |1 0 |4 0 |d 2006-12-19 |l 0 |r 2026-02-21 20:13:16 |w 2026-02-21 | ||
| 952 | |t č. 1-5 |a SNK |b SNK |y PREZ |7 0 |p 17A0683991 |o snkČSB 581/52/2000/1 D1 |i snk2006/26479 |8 0 |0 0 |1 0 |4 0 |d 2006-12-19 |l 0 |r 2026-02-21 20:13:16 |w 2026-02-21 | ||
| 952 | |t č. 1-5 |a SNK |b SNK |y PREZ |7 0 |p 17A0524610 |o snkČSB 581/53/2001/1 |i snk2006/26481 |8 0 |f 1 |0 0 |1 0 |4 0 |d 2006-12-19 |l 0 |r 2026-02-21 20:13:16 |w 2026-02-21 | ||
| 952 | |t č. 1-5 |a SNK |b SNK |y PREZ |7 0 |p 17A1151169 |o snkČSB 581/53/2001/1 D1 |i snk2006/26488 |8 0 |z č. 1-5 |0 0 |1 0 |4 0 |d 2006-12-19 |l 0 |r 2026-02-21 20:13:16 |w 2026-02-21 | ||
| 952 | |t č. 6-12 |a SNK |b SNK |y PREZ |7 0 |p 17A0524612 |o snkČSB 581/53/2001/2 |i snk2006/26489 |8 0 |f 1 |0 0 |1 0 |4 0 |d 2006-12-19 |l 0 |r 2026-02-21 20:13:16 |w 2026-02-21 | ||
| 952 | |t č. 6-12 |a SNK |b SNK |y PREZ |7 0 |p 17A0524613 |o snkČSB 581/53/2001/2 D1 |i snk2006/26492 |8 0 |0 0 |1 0 |4 0 |d 2006-12-19 |l 0 |r 2026-02-21 20:13:16 |w 2026-02-21 | ||
| 952 | |t č. 8-10 + príl. 8-10 |a SNK |b SNK |y PREZ |7 0 |p 17A0635237 |o snkČSB 581/57/2005/4 D1 |i snk2010/1732 |8 0 |0 0 |1 0 |4 0 |d 2010-01-28 |l 0 |r 2026-02-21 20:13:17 |w 2026-02-21 | ||
| 952 | |t č. 11-12 + príl. 11-12 |a SNK |b SNK |y PREZ |7 0 |p 17A0635234 |o snkČSB 581/57/2005/5 |i snk2010/1733 |8 0 |f 1 |0 0 |1 0 |4 0 |d 2010-01-28 |l 0 |r 2026-02-21 20:13:17 |w 2026-02-21 | ||
| 952 | |t č. 11-12 + príl. 11-12 |a SNK |b SNK |y PREZ |7 0 |p 17A0635238 |o snkČSB 581/57/2005/5 D1 |i snk2010/1734 |8 0 |0 0 |1 0 |4 0 |d 2010-01-28 |l 0 |r 2026-02-21 20:13:17 |w 2026-02-21 | ||
| 952 | |t č. 1-2 + príl. 1-2 |a SNK |b SNK |y PREZ |7 0 |p 17A0635239 |o snkČSB 581/58/2006/1 |i snk2010/1735 |8 0 |f 1 |0 0 |1 0 |4 0 |d 2010-01-28 |l 0 |r 2026-02-21 20:13:17 |w 2026-02-21 | ||
| 952 | |t č. 1-2 + príl. 1-2 |a SNK |b SNK |y PREZ |7 0 |p 17A0635244 |o snkČSB 581/58/2006/1 D1 |i snk2010/1736 |8 0 |0 0 |1 0 |4 0 |d 2010-01-28 |l 0 |r 2026-02-21 20:13:17 |w 2026-02-21 | ||
| 952 | |t č. 3-4 + príl. 3-4 |a SNK |b SNK |y PREZ |7 0 |p 17A0635240 |o snkČSB 581/58/2006/2 |i snk2010/1737 |8 0 |f 1 |0 0 |1 0 |4 0 |d 2010-01-28 |l 0 |r 2026-02-21 20:22:06 |w 2026-02-21 | ||
| 952 | |t č. 8-10 + príl. 8-10 |a SNK |b SNK |y PREZ |7 0 |p 17A0635247 |o snkČSB 581/58/2006/4 D1 |i snk2010/1742 |8 0 |0 0 |1 0 |4 0 |d 2010-01-28 |l 0 |r 2026-02-21 20:22:07 |w 2026-02-21 | ||
| 952 | |t č. 1-12 |a SNK |b SNK |y PREZ |7 0 |p 17A0086997 |o snkČSB 581/45/1993 D1 |0 0 |1 0 |4 0 |d 1997-07-29 |l 0 |r 2005-01-02 00:00:00 |w 2026-02-21 | ||
| 952 | |t č. 1-12 |a SNK |b SNK |y PREZ |7 0 |p 17A0086141 |o snkČSB 581/45/1993 |i snkČSP 514/97 |f 1 |0 0 |1 0 |4 0 |d 1997-07-30 |l 0 |r 2005-01-02 00:00:00 |w 2026-02-21 | ||
| 952 | |t č. 5-7 + príl. 5-7 |a SNK |b SNK |y PREZ |7 0 |p 17A0635256 |o snkČSB 581/59/2007/3 D1 |i snk2010/1761 |8 0 |0 0 |1 0 |4 0 |d 2010-01-29 |l 0 |r 2026-02-21 20:29:14 |w 2026-02-21 | ||
| 952 | |t č. 7-12 |a SNK |b SNK |y PREZ |7 0 |p 17A0568115 |o snkČSB 581/50/1998/2 |i snkČSP 1850/2001 |f 1 |3 rekatalogizácia |0 0 |1 0 |4 0 |d 2008-02-13 |l 0 |r 2026-02-21 20:38:54 |w 2026-02-21 | ||
| 952 | |t č. 1-5 + príl. 1-5 |a SNK |b SNK |y PREZ |7 0 |p 17A0697290 |o snkČSB 581/60/2008/1 |i snk2013/12763 |8 0 |f 1 |0 0 |1 0 |4 0 |d 2013-06-05 |l 0 |r 2026-02-21 20:41:17 |w 2026-02-21 | ||
| 952 | |a SNK |b SNK |y PREZ |7 0 |p 17A0164915 |o snkČSB 581/48/1996 D1 |i snkČSP 683/87 |0 0 |1 0 |4 0 |d 2014-03-01 |l 0 |r 2026-02-21 20:41:34 |w 2026-02-21 | ||
| 952 | |t č. 1-12 |a SNK |b SNK |y PREZ |7 0 |p 17A0126759 |o snkČSB 581/47/1995 |i snkČSP 516/97 |f 1 |0 0 |1 0 |4 0 |d 1998-02-25 |l 0 |r 2005-01-02 00:00:00 |w 2026-02-21 | ||
| 952 | |t č. 1-12 |a SNK |b SNK |y PREZ |7 0 |p 17A0152298 |o snkČSB 581/47/1995 D1 |0 0 |1 0 |4 0 |d 2000-10-28 |l 0 |r 2005-01-02 00:00:00 |w 2026-02-21 | ||
| 952 | |t č. 6-12 + 1 CD |a SNK |b SNK |y PREZ |7 0 |p 17A0697321 |o snkČSB 581/60/2008/2 |i snk2013/12967 |8 0 |f 1 |0 0 |1 0 |4 0 |d 2013-06-07 |l 0 |r 2026-02-21 20:50:42 |w 2026-02-21 | ||
| 952 | |t č. 1-5 + príl. 1-5 |a SNK |b SNK |y PREZ |7 0 |p 17A0697322 |o snkČSB 581/60/2008/1 D1 |i snk2013/12970 |8 0 |0 0 |1 0 |4 0 |d 2013-06-07 |l 0 |r 2026-02-21 20:50:42 |w 2026-02-21 | ||
| 952 | |t č. 6-12 |a SNK |b SNK |y PREZ |7 0 |p 17A0697323 |o snkČSB 581/60/2008/2 D1 |i snk2013/12972 |8 0 |0 0 |1 0 |4 0 |d 2013-06-07 |l 0 |r 2026-02-21 20:50:42 |w 2026-02-21 | ||
| 952 | |t č. 1-5 |a SNK |b SNK |y PREZ |7 0 |p 17A0697324 |o snkČSB 581/61/2009/1 |i snk2013/12974 |8 0 |f 1 |0 0 |1 0 |4 0 |d 2013-06-07 |l 0 |r 2026-02-21 20:50:42 |w 2026-02-21 | ||
| 952 | |t č. 6-12 |a SNK |b SNK |y PREZ |7 0 |p 17A0697325 |o snkČSB 581/61/2009/2 |i snk2013/12975 |8 0 |f 1 |0 0 |1 0 |4 0 |d 2013-06-07 |l 0 |r 2026-02-21 20:50:42 |w 2026-02-21 | ||
| 952 | |t č. 1-5 |a SNK |b SNK |y PREZ |7 0 |p 17A0697326 |o snkČSB 581/61/2009/1 D1 |i snk2013/12978 |8 0 |0 0 |1 0 |4 0 |d 2013-06-07 |l 0 |r 2026-02-21 20:50:42 |w 2026-02-21 | ||
| 952 | |t č. 6-12 |a SNK |b SNK |y PREZ |7 0 |p 17A0697327 |o snkČSB 581/61/2009/2 D1 |i snk2013/12979 |8 0 |0 0 |1 0 |4 0 |d 2013-06-07 |l 0 |r 2026-02-21 20:50:42 |w 2026-02-21 | ||
| 952 | |t č. 1-5 |a SNK |b SNK |y PREZ |7 0 |p 17A0697328 |o snkČSB 581/62/2010/1 |i snk2013/12990 |8 0 |f 1 |0 0 |1 0 |4 0 |d 2013-06-07 |l 0 |r 2026-02-21 20:50:43 |w 2026-02-21 | ||
| 952 | |t č. 6-12 |a SNK |b SNK |y PREZ |7 0 |p 17A0697329 |o snkČSB 581/62/2010/2 |i snk2013/12992 |8 0 |f 1 |0 0 |1 0 |4 0 |d 2013-06-07 |l 0 |r 2026-02-21 20:50:43 |w 2026-02-21 | ||
| 952 | |t č. 1-5 |a SNK |b SNK |y PREZ |7 0 |p 17A0697330 |o snkČSB 581/62/2010/1 D1 |i snk2013/12994 |8 0 |0 0 |1 0 |4 0 |d 2013-06-07 |l 0 |r 2026-02-21 20:50:43 |w 2026-02-21 | ||
| 952 | |t č. 6-12 |a SNK |b SNK |y PREZ |7 0 |p 17A0697331 |o snkČSB 581/62/2010/2 D1 |i snk2013/12996 |8 0 |z č. 6-12, úplný |0 0 |1 0 |4 0 |d 2013-06-07 |l 0 |r 2026-02-21 20:50:43 |w 2026-02-21 | ||
| 952 | |t č. 1-5 |a SNK |b SNK |y PREZ |7 0 |p 17A0697332 |o snkČSB 581/63/2011/1 |i snk2013/12997 |8 0 |f 1 |0 0 |1 0 |4 0 |d 2013-06-07 |l 0 |r 2026-02-21 20:50:43 |w 2026-02-21 | ||
| 952 | |t č. 6-12 |a SNK |b SNK |y PREZ |7 0 |p 17A0697333 |o snkČSB 581/63/2011/2 |i snk2013/13000 |8 0 |f 1 |0 0 |1 0 |4 0 |d 2013-06-07 |l 0 |r 2026-02-21 20:50:43 |w 2026-02-21 | ||
| 952 | |t č. 1-5 |a SNK |b SNK |y PREZ |7 0 |p 17A0697334 |o snkČSB 581/63/2011/1 D1 |i snk2013/13001 |8 0 |0 0 |1 0 |4 0 |d 2013-06-07 |l 0 |r 2026-02-21 20:50:44 |w 2026-02-21 | ||
| 952 | |t č. 6-12 |a SNK |b SNK |y PREZ |7 0 |p 17A0697335 |o snkČSB 581/63/2011/2 D1 |i snk2013/13004 |8 0 |0 0 |1 0 |4 0 |d 2013-06-07 |l 0 |r 2026-02-21 20:50:44 |w 2026-02-21 | ||
| 952 | |t č. 1-5 |a SNK |b SNK |y PREZ |7 0 |p 17A0697336 |o snkČSB 581/64/2012/1 |i snk2013/13007 |8 0 |f 1 |0 0 |1 0 |4 0 |d 2013-06-07 |l 0 |r 2026-02-21 20:50:44 |w 2026-02-21 | ||
| 952 | |t č. 6-12 + 1 CD |a SNK |b SNK |y PREZ |7 0 |p 17A0697337 |o snkČSB 581/64/2012/2 |i snk2013/13009 |8 0 |f 1 |0 0 |1 0 |4 0 |d 2013-06-07 |l 0 |r 2026-02-21 20:50:44 |w 2026-02-21 | ||
| 952 | |t č. 1-5 |a SNK |b SNK |y PREZ |7 0 |p 17A0697338 |o snkČSB 581/64/2012/1 D1 |i snk2013/13012 |8 0 |0 0 |1 0 |4 0 |d 2013-06-07 |l 0 |r 2026-02-21 20:50:44 |w 2026-02-21 | ||
| 952 | |t č. 6-12 + 1 CD, neúplné |a SNK |b SNK |y PREZ |7 0 |p 17A0697339 |o snkČSB 581/64/2012/2 D1 |i snk2013/13013 |8 0 |z Chýba: 8-9 |0 0 |1 0 |4 0 |d 2013-06-07 |l 0 |r 2026-02-21 20:50:44 |w 2026-02-21 | ||
| 952 | |t č. 8-12, neúplné + príl. 8-12 |a SNK |b SNK |y PREZ |7 0 |p 17A0871186 |o snkČSB 581/55/2003/3 D1 |i snk2015/1709 |8 0 |z Chýba č. 8-10 |0 0 |1 0 |4 0 |d 2015-01-21 |l 0 |r 2026-02-21 20:52:20 |w 2026-02-21 | ||
| 952 | |t č. 1-12 |a SNK |b SNK |y PREZ |7 0 |p 17A0127388 |o snkČSB 581/46/1994 |i snkČSP 512/97 |f 1 |0 0 |1 0 |4 0 |d 1998-03-12 |l 0 |r 2005-01-02 00:00:00 |w 2026-02-21 | ||
| 952 | |t č. 1-12 |a SNK |b SNK |y PREZ |7 0 |p 17A0206782 |o snkČSB 581/46/1994 D1 |0 0 |1 0 |4 0 |d 1999-08-12 |l 0 |r 2005-01-02 00:00:00 |w 2026-02-21 | ||
| 952 | |t č. 1-12 |a SNK |b SNK |y PREZ |7 0 |p 17A0152335 |o snkČSB 581/49/1997 D1 |i snkČSP 495/99 |0 0 |1 0 |4 0 |d 1998-10-09 |l 0 |r 2005-01-02 00:00:00 |w 2026-02-21 | ||
| 952 | |t č. 1-12 |a SNK |b SNK |y PREZ |7 0 |p 17A0152284 |o snkČSB 581/48/1996 |i snkČSP 682/97 |f 1 |0 0 |1 0 |4 0 |d 2000-10-28 |l 0 |r 2005-01-02 00:00:00 |w 2026-02-21 | ||
| 952 | |t č. 1-5 |a SNK |b SNK |y PREZ |7 0 |p 17A0358269 |o snkČSB 581/51/1999/1 |i snkČSP 1173/2001 |f 1 |0 0 |1 0 |4 0 |d 2002-09-26 |l 0 |r 2005-01-02 00:00:00 |w 2026-02-21 | ||
| 952 | |t č. 6-12 |a SNK |b SNK |y PREZ |7 0 |p 17A0358281 |o snkČSB 581/51/1999/2 |i snkČSP 1175/2001 |f 1 |0 0 |1 0 |4 0 |d 2002-09-26 |l 0 |r 2005-01-02 00:00:00 |w 2026-02-21 | ||
| 952 | |t č. 1-6 |a SNK |b SNK |y PREZ |7 0 |p 17A0358561 |o snkČSB 581/50/1998/1 D1 |0 0 |1 0 |4 0 |d 2002-10-01 |l 0 |r 2005-01-02 00:00:00 |w 2026-02-21 | ||
| 952 | |t č. 6-12 |a SNK |b SNK |y PREZ |7 0 |p 17A0364327 |o snkČSB 581/51/1999/2 D1 |0 0 |1 0 |4 0 |d 2002-11-11 |l 0 |r 2005-01-02 00:00:00 |w 2026-02-21 | ||
| 952 | |t č. 7-12 |a SNK |b SNK |y PREZ |7 0 |p 17A0376474 |o snkČSB 581/50/1998/2 D1 |0 0 |1 0 |4 0 |d 2003-03-06 |l 0 |r 2005-01-02 00:00:00 |w 2026-02-21 | ||
| 952 | |t č. 1-5 |a SNK |b SNK |y PREZ |7 0 |p 17A0388697 |o snkČSB 581/51/1999/1 D1 |i snkČSP 1174/2001 |z č.1 - 5 |0 0 |1 0 |4 0 |d 2003-07-07 |l 0 |r 2005-01-02 00:00:00 |w 2026-02-21 | ||
| 952 | |t č. 1-12 |a SNK |b SNK |y PREZ |7 0 |p 17A0213700 |o snkČSB 581/49/1997 |i snkČSP 494/99 |f 1 |0 0 |1 0 |4 0 |d 2004-03-13 |l 0 |r 2005-01-02 00:00:00 |w 2026-02-21 | ||
| 952 | |t č. 5-9 + príl. 5-9 |a SNK |b SNK |y PREZ |7 0 |p 17A0463038 |o snkČSB 581/56/2004/2 |i snk2006/1727 |8 0 |f 1 |0 0 |1 0 |4 0 |d 2006-01-26 |l 0 |r 2026-02-21 20:58:27 |w 2026-02-21 | ||
| 952 | |t č. 1-4 + príl. 1-4 |a SNK |b SNK |y PREZ |7 0 |p 17A0463036 |o snkČSB 581/56/2004/1 |i snk2006/1686 |8 0 |f 1 |0 0 |1 0 |4 0 |d 2006-01-25 |l 0 |r 2026-02-21 21:00:28 |w 2026-02-21 | ||
| 952 | |t č. 1-4 + príl. 1-4 |a SNK |b SNK |y PREZ |7 0 |p 17A0463037 |o snkČSB 581/56/2004/1 D1 |i snk2006/1687 |8 0 |0 0 |1 0 |4 0 |d 2006-01-25 |l 0 |r 2026-02-21 21:00:28 |w 2026-02-21 | ||
| 952 | |t č. 5-9 + príl. 5-9 |a SNK |b SNK |y PREZ |7 0 |p 17A0463039 |o snkČSB 581/56/2004/2 D1 |i snk2006/1730 |8 0 |0 0 |1 0 |4 0 |d 2006-01-26 |l 0 |r 2026-02-21 21:08:56 |w 2026-02-21 | ||
| 952 | |t č. 10-12 + príl. 10-12 |a SNK |b SNK |y PREZ |7 0 |p 17A0463040 |o snkČSB 581/56/2004/3 |i snk2006/1732 |8 0 |z Obsah v č. 12 |f 1 |0 0 |1 0 |4 0 |d 2006-01-26 |l 0 |r 2026-02-21 21:08:56 |w 2026-02-21 | ||
| 952 | |t č. 10-12 + príl. 10-12 |a SNK |b SNK |y PREZ |7 0 |p 17A0463041 |o snkČSB 581/56/2004/3 D1 |i snk2006/1734 |8 0 |z Obsah v č. 12 |0 0 |1 0 |4 0 |d 2006-01-26 |l 0 |r 2026-02-21 21:08:56 |w 2026-02-21 | ||
| 952 | |t č. 6-12 |a SNK |b SNK |y PREZ |7 0 |p 17A0463034 |o snkČSB 581/54/2002/2 |i snk2006/1684 |8 0 |z Príloha v č. 8-9, obsah v č. 12 |f 1 |0 0 |1 0 |4 0 |d 2006-01-25 |l 0 |r 2026-02-21 21:10:09 |w 2026-02-21 | ||
| 952 | |t č. 6-12 |a SNK |b SNK |y PREZ |7 0 |p 17A1187333 |o snkČSB 581/54/2002/2 D1 |i snk2006/1685 |8 0 |z Príloha v č. 8-9, obsah v č. 12 |0 0 |1 0 |4 0 |d 2006-01-25 |l 0 |r 2026-02-21 21:10:09 |w 2026-02-21 | ||
| 952 | |t č. 1-5 |a SNK |b SNK |y PREZ |7 0 |p 17A1154789 |o snkČSB 581/65/2013/1 |i snk2015/10263 |8 0 |f 1 |0 0 |1 0 |4 0 |d 2015-03-24 |l 0 |r 2026-02-21 21:15:44 |w 2026-02-21 | ||
| 952 | |t č. 6-12 |a SNK |b SNK |y PREZ |7 0 |p 17A1154790 |o snkČSB 581/65/2013/2 |i snk2015/10266 |8 0 |f 1 |0 0 |1 0 |4 0 |d 2015-03-24 |l 0 |r 2026-02-21 21:15:44 |w 2026-02-21 | ||
| 952 | |t č. 1-5 |a SNK |b SNK |y PREZ |7 0 |p 17A1154791 |o snkČSB 581/65/2013/1 D1 |i snk2015/10271 |8 0 |0 0 |1 0 |4 0 |d 2015-03-24 |l 0 |r 2026-02-21 21:15:44 |w 2026-02-21 | ||
| 952 | |t č. 6-12 |a SNK |b SNK |y PREZ |7 0 |p 17A1154792 |o snkČSB 581/65/2013/2 D1 |i snk2015/10274 |8 0 |0 0 |1 0 |4 0 |d 2015-03-24 |l 0 |r 2026-02-21 21:15:44 |w 2026-02-21 | ||
| 952 | |t č. 1-5 |a SNK |b SNK |y PREZ |7 0 |p 17A1154793 |o snkČSB 581/66/2014/1 |i snk2015/10281 |8 0 |f 1 |0 0 |1 0 |4 0 |d 2015-03-24 |l 0 |r 2026-02-21 21:15:44 |w 2026-02-21 | ||
| 952 | |t č. 6-12 |a SNK |b SNK |y PREZ |7 0 |p 17A1154794 |o snkČSB 581/66/2014/2 |i snk2015/10282 |8 0 |f 1 |0 0 |1 0 |4 0 |d 2015-03-24 |l 0 |r 2026-02-21 21:15:44 |w 2026-02-21 | ||
| 952 | |t č. 1-5 |a SNK |b SNK |y PREZ |7 0 |p 17A1154795 |o snkČSB 581/66/2014/1 D1 |i snk2015/10289 |8 0 |0 0 |1 0 |4 0 |d 2015-03-24 |l 0 |r 2026-02-21 21:15:44 |w 2026-02-21 | ||
| 952 | |t č. 6-12 |a SNK |b SNK |y PREZ |7 0 |p 17A1154796 |o snkČSB 581/66/2014/2 D1 |i snk2015/10293 |8 0 |0 0 |1 0 |4 0 |d 2015-03-24 |l 0 |r 2026-02-21 21:15:44 |w 2026-02-21 | ||
| 952 | |t č. 1-3 + príl. 1-3 |a SNK |b SNK |y PREZ |7 0 |p 17A0582064 |o snkČSB 581/55/2003/1 |i snk2008/12345 |8 0 |z Príl. 1-3 |f 1 |0 0 |1 0 |4 0 |d 2008-06-11 |l 0 |r 2026-02-21 21:23:01 |w 2026-02-21 | ||
| 952 | |t č. 4-7 + príl. 4-7 |a SNK |b SNK |y PREZ |7 0 |p 17A0582065 |o snkČSB 581/55/2003/2 |i snk2008/12346 |8 0 |z Príl. 4-7 |f 1 |0 0 |1 0 |4 0 |d 2008-06-11 |l 0 |r 2026-02-21 21:23:01 |w 2026-02-21 | ||
| 952 | |t č. 8-12 + príl. 8-12 |a SNK |b SNK |y PREZ |7 0 |p 17A0582066 |o snkČSB 581/55/2003/3 |i snk2008/12347 |8 0 |z Prílohy 8-12 |f 1 |0 0 |1 0 |4 0 |d 2008-06-11 |l 0 |r 2026-02-21 21:23:01 |w 2026-02-21 | ||
| 952 | |t č. 1-12 |a SNK |b SNK |y PREZ |7 0 |p 17A0027092 |o snkČSB 581/43/1991 |i snkČSP 452/93 |f 1 |0 0 |1 0 |4 0 |d 1996-12-16 |l 0 |r 2005-01-01 00:00:00 |w 2026-02-21 | ||
| 952 | |t č. 1-12 |a SNK |b SNK |y PREZ |7 0 |p 17A0115483 |o snkČSB 581/43/1991 D1 |0 0 |1 0 |4 0 |d 1997-12-19 |l 0 |r 2005-01-01 00:00:00 |w 2026-02-21 | ||
| 952 | |t č. 1-5 |a SNK |b SNK |y PREZ |7 0 |p 17A0409328 |o snkČSB 581/54/2002/1 |i snkČSP 2691/2003 |f 1 |0 0 |1 0 |4 0 |d 2004-02-02 |l 0 |r 2005-01-01 00:00:00 |w 2026-02-21 | ||
| 952 | |t č. 7-12 |a SNK |b SNK |y PREZ |7 0 |p 17A0452909 |o snkČSB 581/52/2000/2 D1 |i snkČSP 2690/2003 |0 0 |1 0 |4 0 |d 2004-12-03 |l 0 |r 2005-01-01 00:00:00 |w 2026-02-21 | ||
| 952 | |t č. 1-5 |a SNK |b SNK |y PREZ |7 0 |p 17A0452908 |o snkČSB 581/54/2002/1 D1 |i snkČSP 2692/2003 |0 0 |1 0 |4 0 |d 2004-12-03 |l 0 |r 2005-01-01 00:00:00 |w 2026-02-21 | ||
| 952 | |t č. 1-12 |a SNK |b SNK |y PREZ |7 0 |p 17A0027065 |o snkČSB 581/44/1992 D1 |0 0 |1 0 |4 0 |d 1996-12-16 |l 0 |r 2005-01-01 00:00:00 |w 2026-02-21 | ||
| 952 | |t č. 1-12 |a SNK |b SNK |y PREZ |7 0 |p 17A0186933 |o snkČSB 581/44/1992 |i snkČSP 482/94 |f 1 |0 0 |1 0 |4 0 |d 1999-03-17 |l 0 |r 2005-01-01 00:00:00 |w 2026-02-21 | ||
| 952 | |t č. 1-5 |a SNK |b SNK |y PREZ |7 0 |p 17A1343872 |o snkČSB 581/68/2016/1 D1 |i snk2019/7145 |8 0 |0 0 |1 0 |4 0 |d 2019-03-15 |l 0 |r 2026-02-21 21:51:28 |w 2026-02-21 | ||
| 952 | |t č. 6-12 |a SNK |b SNK |y PREZ |7 0 |p 17A1343873 |o snkČSB 581/68/2016/2 D1 |i snk2019/7146 |8 0 |0 0 |1 0 |4 0 |d 2019-03-15 |l 0 |r 2026-02-21 21:51:28 |w 2026-02-21 | ||
| 952 | |t č. 1-5 |a SNK |b SNK |y PREZ |7 0 |p 17A1343874 |o snkČSB 581/69/2017/1 |i snk2019/7149 |8 0 |f 1 |0 0 |1 0 |4 0 |d 2019-03-15 |l 0 |r 2026-02-21 21:51:29 |w 2026-02-21 | ||
| 952 | |t č. 6-12 |a SNK |b SNK |y PREZ |7 0 |p 17A1343875 |o snkČSB 581/69/2017/2 |i snk2019/7150 |8 0 |f 1 |0 0 |1 0 |4 0 |d 2019-03-15 |l 0 |r 2026-02-21 21:51:29 |w 2026-02-21 | ||
| 952 | |t CD |a SNK |b SNK |y PREZ |7 0 |p 17A1154126 |o snkČSB 581/62/2010/1/pril. D1 |i snk2013/12994 |8 0 |z Príloha: 1ks CD |3 Príloha: 1ks CD |0 0 |1 0 |4 0 |d 2018-11-09 |l 0 |r 2026-02-21 21:58:33 |w 2026-02-21 | ||
| 952 | |t č. 1-3 |a SNK |b SNK |y PREZ |7 0 |p 17A1384229 |o snkČSB 581/69/2017/1 D1 |i snk2019/28766 |8 0 |0 0 |1 0 |4 0 |d 2019-11-08 |l 0 |r 2026-02-21 22:07:53 |w 2026-02-21 | ||
| 952 | |t č. 4-7 |a SNK |b SNK |y PREZ |7 0 |p 17A1384230 |o snkČSB 581/69/2017/2 D1 |i snk2019/28769 |8 0 |0 0 |1 0 |4 0 |d 2019-11-08 |l 0 |r 2026-02-21 22:07:53 |w 2026-02-21 | ||
| 952 | |t č. 8-12 |a SNK |b SNK |y PREZ |7 0 |p 17A1384231 |o snkČSB 581/69/2017/3 D1 |i snk2019/28770 |8 0 |0 0 |1 0 |4 0 |d 2019-11-08 |l 0 |r 2026-02-21 22:07:53 |w 2026-02-21 | ||
| 952 | |t č. 1-3 |a SNK |b SNK |y PREZ |7 0 |p 17A1384232 |o snkČSB 581/70/2018/1 |i snk2019/28771 |8 0 |f 1 |0 0 |1 0 |4 0 |d 2019-11-08 |l 0 |r 2026-02-21 22:07:53 |w 2026-02-21 | ||
| 952 | |t č. 4-7 |a SNK |b SNK |y PREZ |7 0 |p 17A1384233 |o snkČSB 581/70/2018/2 |i snk2019/28773 |8 0 |f 1 |0 0 |1 0 |4 0 |d 2019-11-08 |l 0 |r 2026-02-21 22:07:53 |w 2026-02-21 | ||
| 952 | |t č. 8-12 |a SNK |b SNK |y PREZ |7 0 |p 17A1384234 |o snkČSB 581/70/2018/3 |i snk2019/28775 |8 0 |f 1 |0 0 |1 0 |4 0 |d 2019-11-08 |l 0 |r 2026-02-21 22:07:53 |w 2026-02-21 | ||
| 952 | |t CD 1 |a SNK |b SNK |y PREZ |7 0 |p 17A1149892 |o snkČSB 581/62/2010/2/pril. 1 D1 |i snk2013/12996 |8 0 |z CD 1 |3 CD 1 |0 0 |1 0 |4 0 |d 2016-03-18 |l 0 |r 2026-02-21 22:09:03 |w 2026-02-21 | ||
| 952 | |t CD 2 |a SNK |b SNK |y PREZ |7 0 |p 17A1024332 |o snkČSB 581/62/2010/2/pril 2. D1 |i snk2013/12996 |8 0 |z CD 2 |3 CD 2 |0 0 |1 0 |4 0 |d 2016-03-18 |l 0 |r 2026-02-21 22:09:08 |w 2026-02-21 | ||
| 952 | |t č. 1-5 |a SNK |b SNK |y PREZ |7 0 |p 17A1206677 |o snkČSB 581/67/2015/1 |i snk2017/10567 |8 0 |f 1 |0 0 |1 0 |4 0 |d 2017-05-10 |l 0 |r 2026-02-21 22:11:05 |w 2026-02-21 | ||
| 952 | |t č. 6-12 |a SNK |b SNK |y PREZ |7 0 |p 17A1206676 |o snkČSB 581/67/2015/2 |i snk2017/10570 |8 0 |f 1 |0 0 |1 0 |4 0 |d 2017-05-10 |l 0 |r 2026-02-21 22:11:09 |w 2026-02-21 | ||
| 952 | |t č. 1-5 |a SNK |b SNK |y PREZ |7 0 |p 17A1206682 |o snkČSB 581/68/2016/1 |i snk2017/10571 |8 0 |f 1 |0 0 |1 0 |4 0 |d 2017-05-10 |l 0 |r 2026-02-21 22:11:09 |w 2026-02-21 | ||
| 952 | |t č. 6-12 |a SNK |b SNK |y PREZ |7 0 |p 17A1206683 |o snkČSB 581/68/2016/2 |i snk2017/10572 |8 0 |f 1 |0 0 |1 0 |4 0 |d 2017-05-10 |l 0 |r 2026-02-21 22:11:09 |w 2026-02-21 | ||
| 952 | |t č. 1-5 |a SNK |b SNK |y PREZ |7 0 |p 17A1206684 |o snkČSB 581/67/2015/1 D1 |i snk2017/10573 |8 0 |0 0 |1 0 |4 0 |d 2017-05-10 |l 0 |r 2026-02-21 22:11:09 |w 2026-02-21 | ||
| 952 | |t č. 6-12 |a SNK |b SNK |y PREZ |7 0 |p 17A1206685 |o snkČSB 581/67/2015/2 D1 |i snk2017/10574 |8 0 |0 0 |1 0 |4 0 |d 2017-05-10 |l 0 |r 2026-02-21 22:11:09 |w 2026-02-21 | ||


